<?xml version="1.0" encoding="UTF-8"?>
<record
    xmlns:xsi="http://www.w3.org/2001/XMLSchema-instance"
    xsi:schemaLocation="http://www.loc.gov/MARC21/slim http://www.loc.gov/standards/marcxml/schema/MARC21slim.xsd"
    xmlns="http://www.loc.gov/MARC21/slim">

  <leader>00535nam a22001577a 4500</leader>
  <controlfield tag="003">OSt</controlfield>
  <controlfield tag="005">20150930090406.0</controlfield>
  <controlfield tag="008">150930b        xxu||||| |||| 00| 0 eng d</controlfield>
  <datafield tag="040" ind1=" " ind2=" ">
    <subfield code="c">RUA </subfield>
  </datafield>
  <datafield tag="082" ind1=" " ind2=" ">
    <subfield code="a">AGR LOE 2002 B061 Or.1</subfield>
  </datafield>
  <datafield tag="100" ind1=" " ind2=" ">
    <subfield code="9">1580</subfield>
    <subfield code="a">LOEK SOTHEA </subfield>
  </datafield>
  <datafield tag="245" ind1=" " ind2=" ">
    <subfield code="a">L'efficacite et la possibilite de l'utilisation des feuilles de leucaena leucocephala dans l'aliment concentre pour les poulets de chair a l'universite royale d'agriculture,</subfield>
  </datafield>
  <datafield tag="260" ind1=" " ind2=" ">
    <subfield code="a">phnom penh </subfield>
    <subfield code="b">RUA </subfield>
    <subfield code="c">2002</subfield>
  </datafield>
  <datafield tag="300" ind1=" " ind2=" ">
    <subfield code="a">41p.</subfield>
    <subfield code="b">ill.</subfield>
    <subfield code="c">29cm.</subfield>
  </datafield>
  <datafield tag="942" ind1=" " ind2=" ">
    <subfield code="2">ddc</subfield>
    <subfield code="c">AGR</subfield>
  </datafield>
  <datafield tag="999" ind1=" " ind2=" ">
    <subfield code="c">1491</subfield>
    <subfield code="d">1491</subfield>
  </datafield>
  <datafield tag="952" ind1=" " ind2=" ">
    <subfield code="0">0</subfield>
    <subfield code="1">0</subfield>
    <subfield code="2">ddc</subfield>
    <subfield code="4">0</subfield>
    <subfield code="6">AGR_LOE_2002_000000000000000_B061_OR_1</subfield>
    <subfield code="7">0</subfield>
    <subfield code="9">6665</subfield>
    <subfield code="a">LBB</subfield>
    <subfield code="b">LBB</subfield>
    <subfield code="c">B061</subfield>
    <subfield code="d">2015-09-30</subfield>
    <subfield code="o">AGR LOE 2002 B061 Or.1</subfield>
    <subfield code="p">RUA006612</subfield>
    <subfield code="r">2015-09-30</subfield>
    <subfield code="w">2015-09-30</subfield>
    <subfield code="y">AGR</subfield>
  </datafield>
  <datafield tag="952" ind1=" " ind2=" ">
    <subfield code="0">0</subfield>
    <subfield code="1">0</subfield>
    <subfield code="2">ddc</subfield>
    <subfield code="4">0</subfield>
    <subfield code="6">AGR_LOE_2002_000000000000000_B061_OR</subfield>
    <subfield code="7">0</subfield>
    <subfield code="9">6666</subfield>
    <subfield code="a">LBB</subfield>
    <subfield code="b">LBB</subfield>
    <subfield code="c">B061</subfield>
    <subfield code="d">2015-09-30</subfield>
    <subfield code="o">AGR LOE 2002 B061 Or.</subfield>
    <subfield code="p">RUA006834</subfield>
    <subfield code="r">2015-09-30</subfield>
    <subfield code="w">2015-09-30</subfield>
    <subfield code="y">AGR</subfield>
  </datafield>
  <datafield tag="952" ind1=" " ind2=" ">
    <subfield code="0">0</subfield>
    <subfield code="1">0</subfield>
    <subfield code="2">ddc</subfield>
    <subfield code="4">0</subfield>
    <subfield code="6">AGR_LOE_2002_000000000000000_B061_OR_3</subfield>
    <subfield code="7">0</subfield>
    <subfield code="9">6667</subfield>
    <subfield code="a">LBB</subfield>
    <subfield code="b">LBB</subfield>
    <subfield code="c">B061</subfield>
    <subfield code="d">2015-09-30</subfield>
    <subfield code="o">AGR LOE 2002 B061 Or.3</subfield>
    <subfield code="p">RUA006558</subfield>
    <subfield code="r">2015-09-30</subfield>
    <subfield code="w">2015-09-30</subfield>
    <subfield code="y">AGR</subfield>
  </datafield>
  <datafield tag="952" ind1=" " ind2=" ">
    <subfield code="0">0</subfield>
    <subfield code="1">0</subfield>
    <subfield code="2">ddc</subfield>
    <subfield code="4">0</subfield>
    <subfield code="6">AGR_LOE_2002_000000000000000_B061_OR_4</subfield>
    <subfield code="7">0</subfield>
    <subfield code="9">6668</subfield>
    <subfield code="a">LBB</subfield>
    <subfield code="b">LBB</subfield>
    <subfield code="c">B061</subfield>
    <subfield code="d">2015-09-30</subfield>
    <subfield code="o">AGR LOE 2002 B061 Or.4</subfield>
    <subfield code="p">RUA006602</subfield>
    <subfield code="r">2015-09-30</subfield>
    <subfield code="w">2015-09-30</subfield>
    <subfield code="y">AGR</subfield>
  </datafield>
  <datafield tag="952" ind1=" " ind2=" ">
    <subfield code="0">0</subfield>
    <subfield code="1">0</subfield>
    <subfield code="2">ddc</subfield>
    <subfield code="4">0</subfield>
    <subfield code="6">AGR_LOE_2002_000000000000000_B061_OR_5</subfield>
    <subfield code="7">0</subfield>
    <subfield code="9">6669</subfield>
    <subfield code="a">LBB</subfield>
    <subfield code="b">LBB</subfield>
    <subfield code="c">B061</subfield>
    <subfield code="d">2015-09-30</subfield>
    <subfield code="o">AGR LOE 2002 B061 Or.5</subfield>
    <subfield code="p">RUA006929</subfield>
    <subfield code="r">2015-09-30</subfield>
    <subfield code="w">2015-09-30</subfield>
    <subfield code="y">AGR</subfield>
  </datafield>
  <datafield tag="952" ind1=" " ind2=" ">
    <subfield code="0">0</subfield>
    <subfield code="1">0</subfield>
    <subfield code="2">ddc</subfield>
    <subfield code="4">0</subfield>
    <subfield code="6">AGR_LOE_2002_000000000000000_B061_OR_6</subfield>
    <subfield code="7">0</subfield>
    <subfield code="9">6670</subfield>
    <subfield code="a">LBB</subfield>
    <subfield code="b">LBB</subfield>
    <subfield code="c">B061</subfield>
    <subfield code="d">2015-09-30</subfield>
    <subfield code="o">AGR LOE 2002 B061 Or.6</subfield>
    <subfield code="p">RUA006683</subfield>
    <subfield code="r">2015-09-30</subfield>
    <subfield code="w">2015-09-30</subfield>
    <subfield code="y">AGR</subfield>
  </datafield>
  <datafield tag="952" ind1=" " ind2=" ">
    <subfield code="0">0</subfield>
    <subfield code="1">0</subfield>
    <subfield code="2">ddc</subfield>
    <subfield code="4">0</subfield>
    <subfield code="6">AGR_LOE_2002_000000000000000_B061_OR_7</subfield>
    <subfield code="7">0</subfield>
    <subfield code="9">6671</subfield>
    <subfield code="a">LBB</subfield>
    <subfield code="b">LBB</subfield>
    <subfield code="c">B061</subfield>
    <subfield code="d">2015-09-30</subfield>
    <subfield code="o">AGR LOE 2002 B061 Or.7</subfield>
    <subfield code="p">RUA006701</subfield>
    <subfield code="r">2015-09-30</subfield>
    <subfield code="w">2015-09-30</subfield>
    <subfield code="y">AGR</subfield>
  </datafield>
</record>
